| 000 | 00914nam a22002897a 4500 | ||
|---|---|---|---|
| 005 | 20220329141259.0 | ||
| 008 | 971010s1990 r 00010 d | ||
| 010 | _a65663 | ||
| 011 | _a66635 | ||
| 035 | _a75115 | ||
| 082 |
_a636.4084 _bF5 |
||
| 100 | 0 | 0 |
_aFigueroa, Vilda. _940854 |
| 245 | _aAlimentación porcina no convencional | ||
| 260 |
_aMéxico : _bGEPLACEA, _c1990 |
||
| 300 | _a215 p | ||
| 490 | _aDiversificación, GEPLACEA/PNUD | ||
| 500 | _a1992-222 | ||
| 590 |
_aBATCH-UPD _b10 _c20130110 _lUCH01 _h0823 |
||
| 590 |
_aBATCH-UPD _b10 _c20130410 _lUCH01 _h0501 |
||
| 590 |
_aBATCH-UPD _b10 _c20130914 _lUCH01 _h1522 |
||
| 590 |
_aCONVERSION _b10 _c20130109 _lUCH01 _h1336 |
||
| 650 | 1 | 4 |
_aGanado porcino _xAlimentación. _945329 |
| 700 | 0 |
_aLy, Julio. _969255 |
|
| 830 | 0 |
_aDiversificación, GEPLACEA/PNUD _933010 |
|
| 901 | _aBK | ||
| 949 |
_a636.4084 F5 _bZ _cLIBRO _d-8049 _eLIBRO _gI.c/e _h1410 _i75115 _si |
||
| 999 |
_c65663 _d65663 |
||